| 000 | 00616nam a22001697a 4500 | ||
|---|---|---|---|
| 999 |
_c7978 _d7978 |
||
| 003 | GBCCL | ||
| 005 | 20241126110640.0 | ||
| 008 | 181122b ||||| |||| 00| 0 eng d | ||
| 040 | _cGBC | ||
| 082 |
_aARCH GBC-2008 _bCHO |
||
| 100 |
_aChongloi, Nehmang _913924 |
||
| 245 |
_aCritical Analysis and Evaluation of Different views on the Rapture From Biblical Perspective | _cNehmang Chongloi |
||
| 260 |
_aNew Lamka: _bGrace Bible College, _c2008 |
||
| 300 | _aiii + 49 p.; | ||
| 650 |
_aRapture _vPre-Tribulation _vMid-Tribulation _vPost Tribulation _xJudgment seat of Christ _xMarriage of the Lamb _913925 |
||
| 942 |
_2ddc _cTH |
||